| 000 | 00462nam a2200157 4500 | ||
|---|---|---|---|
| 020 | _a3-8127-3038-3 | ||
| 050 | _aTJ950 F54 1988 | ||
| 082 | _a629.804.2 F54e | ||
| 100 | _aFiedler, G. | ||
| 245 | _aElectroneumática. Colección de ejercicios con soluciónes, Nivel b sico / G. Fiedler | ||
| 250 | _a11 | ||
| 260 | _aAustria : Festo Didactic | ||
| 300 | _a128 p. / 30 cm. | ||
| 500 | _aD.LE-TP201-1E 093038 | ||
| 650 | _a1. ELECTRONEOMÁTICAS / 2. NEUMÁTICA | ||
| 999 |
_c27029 _d27029 |
||